Pokémon - Les attaques de Crapustule - Statistiques

Statistiques générales
  • Ce quiz a été pris 19 fois
  • Le résultat moyen est 11 sur 16
Statistiques - réponses
Niveaux Types Noms des attaques % Correct
Niveau 70 Eau Hydrocanon
100%
Niveau 12 Sol Tir de Boue
100%
Niveau 16 Normal Chant Canon
90%
Départ Normal Écho
90%
Départ Poison Acide
80%
Niveau 39 Eau Anneau Hydro
80%
Niveau 20 Eau Bulles d'O
80%
Niveau 46 Normal Mégaphone
80%
Niveau 54 Eau Ocroupi
80%
Niveau 30 Normal Brouhaha
70%
Niveau 62 Eau Danse Pluie
70%
Départ Normal Rugissement
60%
Départ Évolution Combat Vampi-Poing
60%
Départ Normal Ultrason
50%
Départ Poison Suc Digestif
30%
Niveau 24 Normal Gigotage
20%
Aucun quiz correspondant
Distribution des résultats
% des personnes avec chaque résultat
Percentile par nombre de réponses
Votre historique - résultats
Vous n’avez pas pris ce quiz